000 00351nam a2200145Ia 4500
003 OSt
005 20240108102909.0
008 170523s9999 xx 000 0 und d
020 _a9788126527137
040 _cIIMT UNIVERSITY
100 _aLee- Wei-Meng
245 0 _aBeginning iPadApplication Development
260 _aWiley India
942 _2ddc
_c02
999 _c12295
_d12295